000 01273nam a2200241Ii 4500
003 JO-AjNU
005 20240630100758.0
008 230605s9999||||xx |||||||||||||| ||und||
040 _aJO-AjNU
_bara
_erda
_cJO-AjNU
041 _aara
050 1 4 _aQA11 2015
100 1 _aالعفاري، اياد رزاق كاظم
_eمعد
_965910
245 0 0 _aالمعيقات التي يواجهها معلمو الرياضيات في تدرييس الهندسة لطلبة المرحلة الاساسية في الاردن=Obstacles of teaching geometry for basic eduational stage students faced by the mathematics teachers in jordon /
_cاعداد اياد رزاق كاظم العفاري؛ اشراف خميس موسى نجم
264 3 1 _a 2015
300 _a64 ورقة
336 _atext
_btxt
_2rdacontent
337 _aunmediated
_bn
_2rdamedia
338 _avolume
_bnc
_2rdacarrier
500 _aرسالة جامعية( ماجستير في مناهج الرياضيات )--جامعة ال البيت، كلية العلوم التربوية(المفرق)، 2015، يشتمل على جداول توضيحية
650 4 _aمناهج تدريس الرياضيات - معوقات
_957654
700 1 _aنجمم، خميس موسى
_965894
_eمشرف
942 _2lcc
_cTHS
999 _c29417
_d29417